All Russian Premier League Players Ever - Statistics

General Stats
  • This quiz has been taken 34 times
  • The average score is 4 of 8
Answer Stats
Position Clubs Years Player % Correct
ATT/MID Arsenal 2008-13 Andrey Arshavin
100%
DEF/MID Chelsea 2009-11 Yuri Zhirkov
74%
ATT Spurs 2008-12 Roman Pavlyuchenko
58%
MID Manchester United, Everton, Man City, Southampton 1992-97, 2000-01, 2002-03 Andrei Kanchelskis
48%
MID Portsmouth, Chelsea, Charlton, Fulham 2003-08 Alexey Smertin
39%
MID Everton 2009-12 Diniyar Bilyaletdinov
39%
ATT Fulham, Reading 2011-13 Pavel Pogrebnyak
35%
GK Chelsea 1992-99 Dmitri Kharine
26%
No matching quizzes found
Score Distribution
Percent of People with Each Score
Percentile by Number Answered
Your Score History
You have not taken this quiz